[Event "Titled Tue 1st Jul Late"]
[Site "chess.com INT"]
[Date "2025.07.01"]
[Round "4"]
[White "Aaron, Deepak"]
[Black "Tan, Zhongyi"]
[Result "1-0"]
[BlackTitle "GM"]
[WhiteElo "2318"]
[BlackElo "2546"]
[WhiteFideId "2009412"]
[BlackFideId "8603642"]
[EventDate "2025.07.01"]

1. e4 e5 2. Nf3 Nc6 3. d4 exd4 4. Bc4 Nf6 5. e5 Ne4 6. O-O Nc5 7. Nxd4 Nxd4 8.
Qxd4 Ne6 9. Bxe6 dxe6 10. Qg4 Qd5 11. Bf4 Bd7 12. Nc3 Qa5 13. Bg5 h6 14. Bh4 g5
15. Bg3 Be7 16. Qh5 Qb4 17. Rfd1 Rh7 18. a3 Qxb2 19. Ne4 O-O-O 20. Rab1 Qxc2 21.
Nd6+ Bxd6 22. exd6 c6 23. Rdc1 Qa4 24. Qf3 f5 25. Rb4 Qa6 26. Be5 Be8 27. Qb3
Bf7 28. Ra4 Qe2 29. d7+ Rxd7 30. Rxc6+ Kd8 31. Bf6+ Re7 32. Rd4+ Ke8 33. Rc8# 1-0

[Event "Titled Tue 1st Jul Late"]
[Site "chess.com INT"]
[Date "2025.07.01"]
[Round "4"]
[White "Schmider, Niklas"]
[Black "Shukhman, Anna"]
[Result "1-0"]
[WhiteTitle "IM"]
[BlackTitle "WGM"]
[WhiteElo "2421"]
[BlackElo "2413"]
[WhiteFideId "12993778"]
[BlackFideId "54180058"]
[EventDate "2025.07.01"]

1. e4 c5 2. Nf3 d6 3. Bb5+ Nd7 4. a4 a6 5. Be2 Ngf6 6. d3 g6 7. O-O Bg7 8. a5
O-O 9. Nfd2 d5 10. exd5 Nxd5 11. Nc4 Ne5 12. Nxe5 Bxe5 13. Bf3 Qd6 14. g3 Bh3
15. Re1 e6 16. Nd2 Bg7 17. Nc4 Qc7 18. Bg5 h6 19. Bd2 Rad8 20. Ra3 b5 21. axb6
Nxb6 22. Ba5 Rb8 23. Rb3 e5 24. Bxb6 Qe7 25. Na5 Be6 26. c4 Bd7 27. d4 Ba4 28.
dxc5 Bxb3 29. Qxb3 f5 30. Nc6 Qf6 31. Nxb8 Rxb8 32. Bd5+ Kh7 33. c6 e4 34. c7
Rxb6 35. c8=Q 1-0

[Event "Titled Tue 1st Jul Late"]
[Site "chess.com INT"]
[Date "2025.07.01"]
[Round "4"]
[White "Shendrik, Zhanna"]
[Black "Foldes, Marton Gabor"]
[Result "0-1"]
[WhiteTitle "WCM"]
[BlackTitle "FM"]
[WhiteElo "1990"]
[BlackElo "2295"]
[WhiteFideId "24106160"]
[BlackFideId "794708"]
[EventDate "2025.07.01"]

1. d4 Nf6 2. c4 c5 3. d5 b5 4. Qc2 e6 5. e4 bxc4 6. Bxc4 exd5 7. exd5 d6 8. Ne2
g6 9. O-O Bg7 10. Bg5 O-O 11. Nbc3 Bf5 12. Qc1 Nbd7 13. Ng3 Bg4 14. h3 Ne5 15.
Bb5 Bc8 16. Nge4 Bf5 17. Qd1 Rb8 18. Rc1 Bxe4 19. Nxe4 Rxb5 20. f4 Ned7 21. Nxd6
Rxb2 22. Ne4 Qb6 23. Nxf6+ Nxf6 24. Kh1 Rd8 25. Qa4 h6 26. Bh4 Rxd5 27. Bg3 Rdd2
28. Rg1 Qb7 29. Rce1 Rxg2 0-1

[Event "Titled Tue 1st Jul Late"]
[Site "chess.com INT"]
[Date "2025.07.01"]
[Round "4"]
[White "Rozman, Levy"]
[Black "Abraham, John Z"]
[Result "1-0"]
[WhiteTitle "IM"]
[WhiteElo "2324"]
[BlackElo "2108"]
[WhiteFideId "2039877"]
[BlackFideId "30987318"]
[EventDate "2025.07.01"]

1. d4 Nf6 2. Bg5 d5 3. Nd2 Bf5 4. e3 Nbd7 5. c3 h6 6. Bxf6 exf6 7. f4 Be6 8. Bd3
f5 9. Ngf3 Be7 10. h4 c6 11. Qc2 g6 12. h5 Nf6 13. hxg6 fxg6 14. Ne5 Ne4 15.
Nxg6 Rg8 16. Rxh6 Bf7 17. Nxe7 Qxe7 18. Nf3 O-O-O 19. Bxe4 dxe4 20. Ne5 Rh8 21.
Rxh8 Rxh8 22. O-O-O Rh2 23. Qa4 Rxg2 24. Qxa7 Qh4 25. Nxf7 Qf2 26. Qa8+ Kc7 27.
Qd8# 1-0

[Event "Titled Tue 1st Jul Late"]
[Site "chess.com INT"]
[Date "2025.07.01"]
[Round "4"]
[White "Avalos Parra, Joao"]
[Black "Papacek, Stepan"]
[Result "1-0"]
[WhiteTitle "FM"]
[BlackTitle "FM"]
[WhiteElo "2150"]
[BlackElo "2225"]
[WhiteFideId "3402541"]
[BlackFideId "301035"]
[EventDate "2025.07.01"]

1. d4 e6 2. c4 d5 3. Nc3 Nf6 4. cxd5 exd5 5. Bg5 c6 6. e3 Bf5 7. Qf3 Bg6 8. Bxf6
Qxf6 9. Qxf6 gxf6 10. Nge2 Bd6 11. O-O-O Nd7 12. g3 a5 13. Bh3 a4 14. Nf4 Nb6
15. Nxg6 hxg6 16. Bf1 f5 17. Bd3 Nd7 18. f3 a3 19. b3 O-O-O 20. e4 Bb4 21. Kc2
fxe4 22. fxe4 Bxc3 23. Kxc3 dxe4 24. Bxe4 Nf6 25. Bf3 Nd5+ 26. Bxd5 Rxd5 27. h4
f5 28. Rhe1 f4 29. gxf4 Rxh4 30. Rg1 Rxf4 31. Rxg6 c5 32. Rg8+ Kc7 33. Ra8 Rfxd4
34. Rxd4 Rxd4 35. Rxa3 b5 36. Ra7+ Kb6 37. Rh7 b4+ 38. Kc2 Rg4 39. Rh2 Kb5 40.
Rf2 Rg3 41. Re2 Rg1 42. Kd3 1-0

[Event "Titled Tue 1st Jul Late"]
[Site "chess.com INT"]
[Date "2025.07.01"]
[Round "4"]
[White "Gabrielian, Artur"]
[Black "Stankovic, Boris"]
[Result "1-0"]
[WhiteTitle "GM"]
[BlackTitle "FM"]
[WhiteElo "2419"]
[BlackElo "2298"]
[WhiteFideId "4131002"]
[BlackFideId "985317"]
[EventDate "2025.07.01"]

1. Nf3 Nf6 2. g3 g6 3. Bg2 Bg7 4. O-O O-O 5. Nc3 d6 6. d4 Nbd7 7. e4 e5 8. Re1
c6 9. a4 a5 10. h3 Qc7 11. Bg5 h6 12. Be3 Re8 13. Qd2 Kh7 14. Rad1 Nb6 15. b3
exd4 16. Nxd4 d5 17. Bf4 Qd8 18. Nf3 Be6 19. e5 Ng8 20. Nd4 Nd7 21. h4 Ne7 22.
Nxe6 fxe6 23. Ne2 Nf5 24. Nd4 Nf8 25. Nxf5 gxf5 26. h5 Nd7 27. Re3 Rh8 28. Qe2
Bf8 29. c4 Be7 30. cxd5 cxd5 31. Bxd5 exd5 32. Rxd5 Qc8 33. Qd3 Nb6 34. e6 Rf8
35. Rxf5 Kg8 36. Rf7 1-0

[Event "Titled Tue 1st Jul Late"]
[Site "chess.com INT"]
[Date "2025.07.01"]
[Round "4"]
[White "Williams, Justus"]
[Black "Mardov, Dimitar"]
[Result "0-1"]
[WhiteTitle "IM"]
[BlackTitle "IM"]
[WhiteElo "2355"]
[BlackElo "2506"]
[WhiteFideId "2049929"]
[BlackFideId "30919495"]
[EventDate "2025.07.01"]

1. e4 e5 2. Nf3 Nc6 3. Bb5 a6 4. Ba4 g6 5. c3 Bg7 6. O-O Nge7 7. h3 O-O 8. Re1
b5 9. Bb3 d5 10. d3 h6 11. a4 Be6 12. Na3 Rb8 13. axb5 axb5 14. exd5 Nxd5 15.
Be3 Qd7 16. Bc5 Rfe8 17. c4 bxc4 18. Nxc4 Nf4 19. Ba4 Bd5 20. Ncxe5 Bxe5 21.
Nxe5 Rxe5 22. Rxe5 Bxg2 23. Bxc6 Qxh3 24. f3 Qg3 25. Bd7 Bh3+ 26. Kh1 Qg2# 0-1

[Event "Titled Tue 1st Jul Late"]
[Site "chess.com INT"]
[Date "2025.07.01"]
[Round "4"]
[White "Kollars, Dmitrij"]
[Black "Dzida, Kamil"]
[Result "0-1"]
[WhiteTitle "GM"]
[BlackTitle "IM"]
[WhiteElo "2633"]
[BlackElo "2411"]
[WhiteFideId "12909572"]
[BlackFideId "21828652"]
[EventDate "2025.07.01"]

1. c4 e5 2. Nc3 Nf6 3. e3 Bb4 4. Nge2 Nc6 5. a3 Bxc3 6. Nxc3 d5 7. cxd5 Nxd5 8.
Be2 O-O 9. O-O Be6 10. Qc2 Qd7 11. b4 Nxc3 12. Qxc3 a6 13. Bb2 f6 14. a4 Rfd8
15. Rfd1 Ne7 16. e4 Nc6 17. Bc4 Nd4 18. h3 c6 19. Kh2 Kh8 20. d3 Rac8 21. Rd2 c5
22. Bxe6 Nxe6 23. Rad1 Qxa4 24. Qc4 Qd7 25. bxc5 Rxc5 26. Qa2 Nd4 27. Rb1 Rc7
28. Ba1 h6 29. Rdb2 Ne6 30. Rd1 Nf4 31. Rbd2 Qf7 32. Qa5 Rcd7 33. d4 exd4 34.
Bxd4 Qg6 35. g3 Qxe4 36. gxf4 Rxd4 37. Qxd8+ Rxd8 38. Rxd8+ Kh7 39. R8d4 Qf3 40.
R1d2 a5 41. Ra4 b6 42. Rb2 b5 43. Rxa5 Qxf4+ 44. Kg2 Qg5+ 45. Kf3 Qd5+ 46. Ke3
Qe5+ 0-1

[Event "Titled Tue 1st Jul Late"]
[Site "chess.com INT"]
[Date "2025.07.01"]
[Round "4"]
[White "Munoz, Miguel"]
[Black "Garg, Priyansh"]
[Result "1-0"]
[WhiteTitle "GM"]
[WhiteElo "2321"]
[BlackElo "2089"]
[WhiteFideId "3800229"]
[BlackFideId "30984696"]
[EventDate "2025.07.01"]

1. e4 c5 2. Nf3 d6 3. Bb5+ Bd7 4. Bxd7+ Nxd7 5. O-O Ngf6 6. Re1 g6 7. c3 Ne5 8.
d4 Nxf3+ 9. Qxf3 cxd4 10. cxd4 Bg7 11. e5 dxe5 12. dxe5 Nd5 13. Rd1 e6 14. Nc3
O-O 15. Nxd5 exd5 16. Rxd5 Qe7 17. Be3 Rfc8 18. Bd4 Rd8 19. Bc3 Rxd5 20. Qxd5
Rd8 21. Qe4 Kh8 22. g3 f6 23. Re1 fxe5 24. Bxe5 Bxe5 25. Qxe5+ Qxe5 26. Rxe5 Rd2
27. Re8+ Kg7 28. Re7+ Kh6 29. Rxb7 a5 30. a4 Kg5 31. b3 Kf5 32. Rxh7 Rb2 33. Rb7
Ke4 34. Kg2 Kd4 35. Rb5 Kc3 36. Rxa5 Rxb3 37. Ra6 g5 38. Rg6 Ra3 39. Rxg5 Rxa4
40. h4 Ra6 41. h5 1-0

[Event "Titled Tue 1st Jul Late"]
[Site "chess.com INT"]
[Date "2025.07.01"]
[Round "4"]
[White "Deac, Bogdan-Daniel"]
[Black "Klimkowski, Jan"]
[Result "1-0"]
[WhiteTitle "GM"]
[BlackTitle "GM"]
[WhiteElo "2674"]
[BlackElo "2508"]
[WhiteFideId "1226380"]
[BlackFideId "21856222"]
[EventDate "2025.07.01"]

1. d4 Nf6 2. c4 e6 3. Nc3 Bb4 4. e3 O-O 5. Bd3 d5 6. a3 Bxc3+ 7. bxc3 c5 8. Ne2
b6 9. cxd5 exd5 10. O-O Ba6 11. dxc5 bxc5 12. Bxa6 Nxa6 13. c4 dxc4 14. Qa4 Nc7
15. Qxc4 Qd5 16. Qc2 Rfd8 17. Nf4 Qc6 18. Bb2 Nfd5 19. Nd3 Ne6 20. Ne5 Qc7 21.
Rfd1 Nb6 22. a4 Rxd1+ 23. Rxd1 Rd8 24. Rc1 Nd5 25. h3 Nb4 26. Qf5 Qb7 27. Bc3 a5
28. f4 Rd5 29. Rb1 Qc8 30. Qxf7+ Kh8 31. f5 Ng5 32. Ng6+ 1-0

[Event "Titled Tue 1st Jul Late"]
[Site "chess.com INT"]
[Date "2025.07.01"]
[Round "4"]
[White "Carlsen, Magnus"]
[Black "Cieslak, Patryk"]
[Result "1-0"]
[WhiteTitle "GM"]
[BlackTitle "FM"]
[WhiteElo "2837"]
[BlackElo "2442"]
[WhiteFideId "1503014"]
[BlackFideId "21078882"]
[EventDate "2025.07.01"]

1. e4 d6 2. Nf3 Nf6 3. Nc3 e5 4. d4 Nbd7 5. Bc4 Be7 6. O-O O-O 7. a4 c6 8. Re1
h6 9. h3 Re8 10. Be3 Bf8 11. a5 Qc7 12. d5 cxd5 13. Bxd5 Nc5 14. b4 Na6 15. Nb5
Qb8 16. Rb1 Nxd5 17. exd5 Bd7 18. c4 Bxb5 19. cxb5 Nc7 20. b6 axb6 21. Bxb6 e4
22. Rc1 exf3 23. Rxc7 Rxe1+ 24. Qxe1 Qd8 25. Qe4 fxg2 26. Rxf7 Qg5 27. Rf5 Qc1+
28. Kxg2 Kh8 29. Rf7 Qg5+ 30. Kh2 Qd2 31. Rxb7 Rc8 32. a6 Qd1 33. Be3 Qe1 34.
Qf3 Kg8 35. a7 Qa1 36. Rb8 Qa6 37. b5 1-0

[Event "Titled Tue 1st Jul Late"]
[Site "chess.com INT"]
[Date "2025.07.01"]
[Round "4"]
[White "Rogov, Matfey"]
[Black "Popilski, Gil"]
[Result "0-1"]
[WhiteTitle "FM"]
[BlackTitle "GM"]
[WhiteElo "2348"]
[BlackElo "2431"]
[WhiteFideId "44191308"]
[BlackFideId "2809060"]
[EventDate "2025.07.01"]

1. e4 c6 2. d4 d5 3. f3 Qb6 4. Nc3 e6 5. a3 c5 6. Be3 Nc6 7. exd5 cxd4 8. dxc6
dxe3 9. cxb7 Bxb7 10. Bb5+ Bc6 11. Qd3 Bxb5 12. Qxb5+ Qxb5 13. Nxb5 Rb8 14. a4
a6 15. Nc7+ Kd7 16. Nxa6 Rb6 17. b4 Rxa6 18. b5 Ra5 19. Ne2 Nf6 20. Nd4 Bb4+ 21.
Ke2 Rha8 22. Rhd1 Nd5 23. Nc6 Rxa4 24. Rxa4 Rxa4 25. c4 Ra2+ 26. Kd3 e2 27. Rb1
e1=Q 28. Rxe1 Bxe1 29. cxd5 exd5 30. Kd4 Rd2+ 31. Kc5 Bf2+ 32. Kb4 Bb6 33. Kc3
Rxg2 34. h3 Kd6 35. Nb4 Ba5 0-1

[Event "Titled Tue 1st Jul Late"]
[Site "chess.com INT"]
[Date "2025.07.01"]
[Round "4"]
[White "Hansen, Eric"]
[Black "Ruiz Vazquez, Javier"]
[Result "1-0"]
[WhiteTitle "GM"]
[BlackTitle "CM"]
[WhiteElo "2609"]
[BlackElo "2157"]
[WhiteFideId "2606771"]
[BlackFideId "54727308"]
[EventDate "2025.07.01"]

1. e4 c5 2. Nf3 e6 3. g3 Nc6 4. Bg2 Qc7 5. O-O a6 6. c3 Nf6 7. Re1 Be7 8. d4
cxd4 9. cxd4 d5 10. e5 Nd7 11. h4 O-O 12. Nc3 b5 13. Bg5 h6 14. Bf4 b4 15. Ne2
Nb6 16. Rc1 Bd7 17. b3 a5 18. Qd2 Rfc8 19. Bxh6 gxh6 20. Qxh6 Qd8 21. Ng5 Bxg5
22. hxg5 Qf8 23. Qh4 Qg7 24. Nf4 Qh7 25. Nh5 Kf8 26. Bf3 Ne7 27. Rc5 Rc6 28. Qf4
Qf5 29. Qe3 Rac8 30. Nf6 Kg7 31. Bg4 Qg6 32. Bh5 Qf5 33. g4 Rxc5 34. gxf5 Nxf5
35. Qf4 Rc3 36. Bg4 Nh4 37. Nh5+ Kf8 38. Qf6 Be8 39. Ng7 Nd7 40. Nxe6+ Kg8 41.
Qg7# 1-0

[Event "Titled Tue 1st Jul Late"]
[Site "chess.com INT"]
[Date "2025.07.01"]
[Round "4"]
[White "Kracht, Raphael"]
[Black "Ozen, Batuhan"]
[Result "1-0"]
[WhiteTitle "CM"]
[BlackTitle "CM"]
[WhiteElo "2195"]
[BlackElo "2128"]
[WhiteFideId "16214382"]
[BlackFideId "6345123"]
[EventDate "2025.07.01"]

1. e4 g6 2. d4 Bg7 3. Nf3 d6 4. Be2 Nf6 5. Nc3 O-O 6. O-O e5 7. dxe5 dxe5 8.
Nxe5 Nxe4 9. Nxe4 Bxe5 10. Qxd8 Rxd8 11. Bg5 Re8 12. Bf6 Bf5 13. Bxe5 Rxe5 14.
Ng3 Be6 15. Bf3 c6 16. Rad1 Na6 17. Ne4 Kg7 18. a3 Bd5 19. Nd2 Bxf3 20. Nxf3 Re2
21. Rd2 Rae8 22. Rxe2 Rxe2 23. Rc1 Nc5 24. Kf1 Re7 25. b3 Kf6 26. Rd1 h5 27. h4
Ne4 28. g3 Kf5 29. Rd8 Nc3 30. Kg2 Kg4 31. Nd4 Re2 32. Nxe2 Nxe2 33. Rb8 f6 34.
Rxb7 g5 35. hxg5 fxg5 36. Rf7 h4 37. gxh4 gxh4 38. Rg7+ Kf4 39. Rh7 Kg5 40. Rxa7
Nd4 41. Rc7 Kg4 42. Rg7+ Kf4 43. a4 Nxc2 44. a5 Nb4 45. Rb7 Nd5 46. a6 Kg4 47.
Rg7+ Kh5 48. a7 Nf4+ 49. Kh2 1-0

[Event "Titled Tue 1st Jul Late"]
[Site "chess.com INT"]
[Date "2025.07.01"]
[Round "4"]
[White "Leenhouts, Koen"]
[Black "Steinberg, Nitzan"]
[Result "0-1"]
[WhiteTitle "GM"]
[BlackTitle "GM"]
[WhiteElo "2476"]
[BlackElo "2554"]
[WhiteFideId "1008439"]
[BlackFideId "2801795"]
[EventDate "2025.07.01"]

1. d4 Nf6 2. Bg5 g6 3. Bxf6 exf6 4. e3 Bg7 5. Nf3 O-O 6. c4 Re8 7. Nc3 f5 8. Be2
d6 9. O-O Nd7 10. Re1 Nf6 11. Bf1 c6 12. g3 a5 13. Bg2 h6 14. Qc2 Bd7 15. Rad1
b5 16. c5 d5 17. Ne5 h5 18. h4 Ng4 19. Nd3 g5 20. hxg5 Qxg5 21. Nf4 h4 22. Nce2
hxg3 23. Nxg3 Nxe3 24. fxe3 Qxg3 25. Qf2 Qxf2+ 26. Kxf2 Re7 27. Bh3 Rae8 28. Re2
Bh6 29. Rg1+ Kf8 30. Kf3 Re4 31. Ng2 Bg5 32. Rf1 Kg7 33. Rg1 Kf6 34. Rf1 Bc8 35.
Kf2 b4 36. b3 Ba6 0-1

[Event "Titled Tue 1st Jul Late"]
[Site "chess.com INT"]
[Date "2025.07.01"]
[Round "4"]
[White "Titichoca Daza, Daniel"]
[Black "Schracke, Guido"]
[Result "1-0"]
[WhiteTitle "CM"]
[BlackTitle "CM"]
[WhiteElo "2126"]
[BlackElo "2138"]
[WhiteFideId "3309550"]
[BlackFideId "4637054"]
[EventDate "2025.07.01"]

1. e4 c5 2. Nf3 Nc6 3. Bb5 Na5 4. O-O a6 5. Bd3 d6 6. c3 b5 7. Re1 e5 8. h3 Nf6
9. Bf1 Be7 10. d4 cxd4 11. cxd4 Qc7 12. Nc3 O-O 13. Bg5 Bb7 14. Rc1 Qb8 15. d5
h6 16. Bh4 Bc8 17. Qd2 Bd7 18. b3 Qb6 19. Bd3 Rac8 20. Ne2 Nb7 21. Ng3 Nc5 22.
Bb1 Rc7 23. b4 Na4 24. Rxc7 Qxc7 25. Rc1 Qb6 26. Bc2 Rc8 27. Bxa4 Rxc1+ 28. Qxc1
bxa4 29. a3 Kf8 30. Qc3 g5 31. Nxg5 hxg5 32. Bxg5 Nxd5 33. Bh6+ Ke8 34. exd5 f5
35. Be3 Qb7 36. Bd2 Bf6 37. Qf3 e4 38. Qh5+ Kd8 39. Qf7 Be7 40. Nxf5 Bxf5 41.
Qxf5 a5 42. Qxe4 axb4 43. Bxb4 Qc7 44. g3 Qc1+ 45. Kg2 Bf6 46. h4 Be5 47. h5 Qg5
48. Qg6 Qd2 49. Qg8+ Kc7 50. Qf7+ Kb6 51. Qf3 Bd4 52. Bxd2 1-0

[Event "Titled Tue 1st Jul Late"]
[Site "chess.com INT"]
[Date "2025.07.01"]
[Round "4"]
[White "Omariev, Maksim"]
[Black "Sadykov, Ramil"]
[Result "1-0"]
[WhiteTitle "FM"]
[BlackTitle "FM"]
[WhiteElo "2304"]
[BlackElo "2264"]
[WhiteFideId "4193423"]
[BlackFideId "24113590"]
[EventDate "2025.07.01"]

1. g4 d5 2. Bg2 Bxg4 3. c4 c6 4. Qb3 Nf6 5. Qxb7 Nbd7 6. Nc3 e6 7. Qxc6 Rc8 8.
Qa6 Rxc4 9. b3 Rc8 10. Ba3 Bxa3 11. Qxa3 Qb6 12. h3 Bf5 13. Nf3 Nh5 14. Na4 Qb8
15. Nd4 Qe5 16. e3 Nf4 17. Bf1 Bg6 18. h4 f6 19. Bb5 Bd3 20. Nc3 Ng2+ 21. Kd1
Rxc3 22. dxc3 Qe4 23. Bxd7+ Kxd7 24. Qxa7+ Ke8 25. Nc6 Be2+ 26. Kc1 1-0

[Event "Titled Tue 1st Jul Late"]
[Site "chess.com INT"]
[Date "2025.07.01"]
[Round "4"]
[White "Fadi, Marko"]
[Black "Watanabe, Akira"]
[Result "1-0"]
[WhiteTitle "FM"]
[BlackTitle "FM"]
[WhiteElo "2298"]
[BlackElo "2284"]
[WhiteFideId "10605371"]
[BlackFideId "7000227"]
[EventDate "2025.07.01"]

1. c4 Nf6 2. Nc3 g6 3. g3 Bg7 4. Bg2 O-O 5. Nf3 d6 6. O-O e5 7. d3 Nc6 8. h3 h6
9. e4 Be6 10. Be3 Qd7 11. Kh2 Nh5 12. Nd5 Nd4 13. Nxd4 exd4 14. Bd2 c6 15. Nf4
Nxf4 16. Bxf4 Kh7 17. b4 a5 18. a3 c5 19. bxc5 dxc5 20. Rb1 a4 21. Rb5 Rfc8 22.
Bd2 Ra7 23. Ba5 Qe7 24. f4 Bd7 25. Bb6 Bxb5 26. Bxa7 Bc6 27. Bb6 Ra8 28. Qc2 Qd6
29. e5 Qe7 30. Rb1 Bxg2 31. Qxg2 Bf8 32. Qd5 Rb8 33. Rb5 f6 34. Bxc5 Qc7 35.
Bxf8 1-0

[Event "Titled Tue 1st Jul Late"]
[Site "chess.com INT"]
[Date "2025.07.01"]
[Round "4"]
[White "Aalto, Patrik"]
[Black "Bacrot, Etienne"]
[Result "0-1"]
[WhiteTitle "FM"]
[BlackTitle "GM"]
[WhiteElo "2316"]
[BlackElo "2633"]
[WhiteFideId "510726"]
[BlackFideId "605506"]
[EventDate "2025.07.01"]

1. c4 e5 2. g3 c6 3. Nf3 e4 4. Nd4 d5 5. d3 exd3 6. Qxd3 dxc4 7. Qxc4 Nf6 8. Bg2
Be7 9. O-O O-O 10. Nc3 Nbd7 11. Rd1 Re8 12. e4 Bf8 13. Bf4 Qb6 14. Be3 Ng4 15.
Bc1 Nde5 16. Qe2 Rd8 17. Nb3 Be6 18. h3 Bc4 19. Qe1 Rxd1 20. Nxd1 Bb4 21. Bd2
Nd3 22. Qe2 Ndxf2 23. Qxc4 Nxh3+ 24. Kf1 Qg1+ 25. Ke2 Qxg2+ 26. Kd3 Rd8+ 27. Kc2
Rxd2+ 28. Nxd2 Qxd2+ 29. Kb3 Bf8 30. Nc3 Ne5 31. Qa4 Nd3 32. Nd1 Nc5+ 0-1

[Event "Titled Tue 1st Jul Late"]
[Site "chess.com INT"]
[Date "2025.07.01"]
[Round "4"]
[White "Atis, Hasan"]
[Black "Gerbelli Neto, Eduardo"]
[Result "1-0"]
[WhiteTitle "CM"]
[WhiteElo "2089"]
[BlackElo "2114"]
[WhiteFideId "44598017"]
[BlackFideId "2103281"]
[EventDate "2025.07.01"]

1. e4 e5 2. Nf3 Nc6 3. Bb5 a6 4. Ba4 d6 5. O-O Bg4 6. c3 Qf6 7. d3 Ne7 8. Nbd2
Ng6 9. h3 h5 10. Re1 Nf4 11. Kh2 g5 12. Nf1 Nxh3 13. Qd2 Bxf3 14. gxh3 Be7 15.
Ne3 g4 16. Nf5 gxh3 17. d4 b5 18. Bb3 Rg8 19. Bd5 Rg2+ 20. Kxh3 Kd7 21. dxe5 Qg6
22. Bxc6+ Kxc6 23. Nxe7+ Kd7 24. Nxg6 Rxg6 25. Qf4 Bg4+ 26. Kh2 Be6 27. Re3 Rag8
28. Rg3 Rg4 29. Rxg4 Rxg4 30. Qf3 dxe5 31. Be3 Rh4+ 32. Kg2 Bg4 33. Qg3 Rh3 34.
Qxh3 Bxh3+ 35. Kxh3 1-0

[Event "Titled Tue 1st Jul Late"]
[Site "chess.com INT"]
[Date "2025.07.01"]
[Round "4"]
[White "Mecit, Emre"]
[Black "Klys, Kacper"]
[Result "1-0"]
[BlackTitle "CM"]
[WhiteElo "2007"]
[BlackElo "2218"]
[WhiteFideId "6304214"]
[BlackFideId "21005281"]
[EventDate "2025.07.01"]

1. e4 e6 2. d4 d5 3. Nc3 Be7 4. Nf3 Nf6 5. Bd3 c5 6. exd5 exd5 7. O-O c4 8. Be2
Nc6 9. Ne5 O-O 10. Bf3 Be6 11. Re1 Re8 12. Bf4 Qb6 13. Nxc6 Qxc6 14. Ne2 b5 15.
Ng3 a5 16. Nh5 Nxh5 17. Bxh5 g6 18. Bf3 Bf6 19. Be5 Bxe5 20. Rxe5 f6 21. Re3 Bf7
22. Qd2 Rxe3 23. Qxe3 Qd6 24. Qd2 b4 25. Re1 Rc8 26. c3 bxc3 27. bxc3 Rb8 28. g3
Kg7 29. Kg2 Qa3 30. Qf4 Rb7 31. g4 Qxc3 32. Re3 Qb4 33. g5 Qb6 34. h4 a4 35. h5
fxg5 36. Qxg5 Qf6 37. h6+ Kg8 38. Qxf6 Rb8 39. Qg7# 1-0

[Event "Titled Tue 1st Jul Late"]
[Site "chess.com INT"]
[Date "2025.07.01"]
[Round "4"]
[White "Oksendal, Martin"]
[Black "Silvestre, Christian"]
[Result "1-0"]
[WhiteTitle "FM"]
[WhiteElo "2235"]
[BlackElo "1992"]
[WhiteFideId "1554107"]
[BlackFideId "30956269"]
[EventDate "2025.07.01"]

1. Nf3 Nf6 2. g3 g6 3. Bg2 Bg7 4. O-O O-O 5. d4 d5 6. Nbd2 c6 7. b3 a5 8. a4 Na6
9. Ne5 Nd7 10. Ndf3 Nxe5 11. Nxe5 f6 12. Nd3 e5 13. dxe5 fxe5 14. e4 Be6 15. Bb2
d4 16. f4 exf4 17. gxf4 Qd7 18. Qf3 Nb4 19. Nxb4 axb4 20. Qg3 c5 21. Rad1 Bg4
22. Bf3 Bxf3 23. Rxf3 Rae8 24. e5 b6 25. Re1 Qf5 26. Qg2 Bh6 27. Bc1 Kh8 28. Rf2
Qh5 29. Qf3 Qxf3 30. Rxf3 g5 31. f5 g4 32. Bxh6 gxf3 33. Bxf8 Rxf8 34. f6 Kg8
35. Kf2 Kf7 36. Kxf3 Ke6 37. Ke4 Rg8 38. Rf1 Rg4+ 39. Rf4 Rg5 40. f7 Rxe5+ 41.
Kd3 1-0

[Event "Titled Tue 1st Jul Late"]
[Site "chess.com INT"]
[Date "2025.07.01"]
[Round "4"]
[White "Caruana, Fabiano"]
[Black "Novosel, Lovro"]
[Result "0-1"]
[WhiteTitle "GM"]
[BlackTitle "FM"]
[WhiteElo "2777"]
[BlackElo "2338"]
[WhiteFideId "2020009"]
[BlackFideId "14547120"]
[EventDate "2025.07.01"]

1. b4 Nf6 2. Bb2 e6 3. b5 c5 4. Nf3 Be7 5. g4 h6 6. h4 d6 7. Rg1 e5 8. g5 hxg5
9. hxg5 Nh5 10. d3 g6 11. c4 Nd7 12. Nc3 b6 13. e3 Bb7 14. Bg2 Rb8 15. Qe2 Nf8
16. O-O-O Ne6 17. Ne4 a6 18. a4 axb5 19. axb5 Qc7 20. Nfd2 Nhg7 21. f4 exf4 22.
exf4 Nxf4 23. Qf1 Nfe6 24. Nf6+ Kd8 25. Nde4 Rh4 26. Rh1 Nf5 27. Rxh4 Nxh4 28.
Bh3 Nd4 29. Bxd4 cxd4 30. Qf2 d5 31. Qxh4 Qh2 32. Qg3 Ba3+ 33. Kb1 Qb2# 0-1

[Event "Titled Tue 1st Jul Late"]
[Site "chess.com INT"]
[Date "2025.07.01"]
[Round "4"]
[White "Guliev, Gasan"]
[Black "Petersen, Marcel"]
[Result "1-0"]
[WhiteTitle "CM"]
[BlackTitle "CM"]
[WhiteElo "2123"]
[BlackElo "2236"]
[WhiteFideId "34165638"]
[BlackFideId "12935670"]
[EventDate "2025.07.01"]

1. e4 g6 2. d4 Bg7 3. Be3 c6 4. Qd2 d5 5. Nc3 dxe4 6. Nxe4 Nf6 7. Nxf6+ exf6 8.
O-O-O O-O 9. h4 h5 10. Ne2 Nd7 11. g4 hxg4 12. h5 f5 13. hxg6 fxg6 14. Nf4 Nb6
15. Nxg6 Re8 16. Bh6 Qf6 17. Bxg7 Qxg6 18. Be5 Re6 19. Rh8+ Kf7 20. Qb4 Re8 21.
Rxe8 Kxe8 22. Re1 Kf7 23. Bd3 Be6 24. a4 Rd8 25. a5 Nd5 26. Qxb7+ Rd7 27. Qxc6
Nb4 28. Qb5 Nxd3+ 29. Qxd3 Qg5+ 30. Kb1 Bd5 31. Qb5 Be6 32. Rh1 Qg6 33. Rh8 Bd5
34. Qxd7# 1-0